Normal view
MARC view
Entry Topical Term
001 - CONTROL NUMBER
- control field: 72269
003 - CONTROL NUMBER IDENTIFIER
- control field: dpl
005 - DATE AND TIME OF LATEST TRANSACTION
- control field: 20241001143414.0
008 - FIXED-LENGTH DATA ELEMENTS
- fixed length control field: 241001|| aca||aabn | a|a d
040 ## - CATALOGING SOURCE
- Original cataloging agency: dpl
- Transcribing agency: dpl
150 ## - HEADING--TOPICAL TERM
- Topical term or geographic name as entry element: हिन्दी
670 ## - SOURCE DATA FOUND
- Source citation: Work cat.: (dpl)203637: UPSC सिविल सेवा परीक्षा पाठ्यक्रम:, 2023
